000 00880nam a2200205Ia 4500
003 GCL
008 140319s9999 xx 000 0 ara d
040 _aGCL /
_cGCL
082 0 4 _a229.5
_bا ق
100 1 _aابن كثير القرشى : عماد الدين ابوالفداء اسماعيل بن عمر بن كثير بن ضوء البصرى الدمشقى
245 1 0 _aقصص الانبياء /
_cابن كثير القرشى : عماد الدين ابوالفداء اسماعيل بن عمر بن كثير بن ضوء البصرى الدمشقى
700 1 _aعلاء عبدالوهاب
260 _aبيروت :
_bمركز الكتاب للنشر ،
_c1991
300 _a543 ص ؛
_c24 سم
650 0 4 _aالانبياء
650 0 4 _aقصص الانبياء
650 0 4 _aالقصص الدينية
650 0 4 _aالقصص القرآنية
942 _2ddc
_cBK
999 _c51721
_d51721